Prohološennja Piddukljans'koji demokratyčnoji hromady SR

Bibliographic Details
Format: Article
Language:Ukrainian
Subjects:

MARC

LEADER 00000nab a2200000 a 4500
001 vtls000552521
003 SK-MaSNL
005 20260319074654.0
008 180130c1995 xo 0 ukr
015 |a SNBRB19rr/mm-uuuuu 
035 |a CL0552659 
040 |a SNKBUCL  |b slo  |c SNKBUCL  |e AACR2 
041 0 |a ukr 
044 |a xo  |c SK 
080 |a 329.71:323.15(437.6):323.13  |2 1981 
080 |a 323.13  |2 1981 
245 0 0 |a Prohološennja Piddukljans'koji demokratyčnoji hromady SR 
500 |a Dátum: 29. 4. 1995 
610 2 7 |a Podduklianska demokratická hromada (politické hnutie)  |2 snkbucl  |9 29723 
655 7 |a články z novín a časopisov  |2 snkbucl  |9 267496 
773 0 |t Nove žyttja  |g Roč. 45, č. 18 (1995), s. 1 
850 |a Slovenská národná knižnica v Martine  |a POA001 
852 |a SNK  |b KIS3GCP 
958 |a RK 
958 |a UK 
958 |a SK 
992 |a RBX 
999 |c 1609024  |d 1610954